Manual de introducción a la antropología

Đã lưu trong:
Chi tiết về thư mục
Tác giả chính: Orellana Rodríguez, Mario (autor)
Định dạng: Sách
Ngôn ngữ:Tiếng Tây Ban Nha
Được phát hành: Santiago C.P.U 1990
Phiên bản:1a. ed
Những chủ đề:
Các nhãn: Thêm thẻ
Không có thẻ, Là người đầu tiên thẻ bản ghi này!

MARC

LEADER 00000nam a2200000 a 4500
001 UCX2564
003 CL-VaPUC
008 910626e19900000CL |||||||||||||||||spa|d
082 0 4 |a 301  |b ORE  |2 21 
100 |a Orellana Rodríguez, Mario  |e autor  |9 559744 
245 1 0 |a Manual de introducción a la antropología 
250 |a 1a. ed 
300 |a 85 p 
942 |c BK 
945 |d 19910626 00:00:00 
260 |a Santiago  |b C.P.U  |c 1990 
650 0 |a Antropología   |9 233030 
583 |a last modification  |c 19910626 00:00:00  |k Rodrigo Vera 
999 |c 223557  |d 223555 
952 |0 0  |1 0  |4 0  |6 301_000000000000000_ORE_1990  |7 0  |8 A  |9 219475  |a BIBHIS  |b BIBHIS  |d 2019-11-15  |i 2882027  |o 301 ORE 1990  |p 2882027  |r 2025-01-20  |w 2019-11-15  |y BK  |k HIS 
952 |0 0  |1 0  |4 0  |6 301_000000000000000_ORE_1990  |7 0  |8 A  |9 219476  |a BIBHIS  |b BIBHIS  |d 2019-11-15  |i 1209639  |o 301 ORE 1990  |p 1209639  |r 2025-01-20  |w 2019-11-15  |y BK  |k HIS 
952 |0 0  |1 0  |4 0  |6 301_000000000000000_ORE_1990  |7 0  |8 A  |9 219477  |a BIBEDU  |b BIBEDU  |d 2019-11-15  |i 4675657  |o 301 ORE 1990  |p 4675657  |r 2019-11-15  |w 2019-11-15  |y BK  |k EPE